000
00332cam a2200145ua 4500
041
_a
eng
_h
082
_a
920
_b
SCH/KO
100
_a
Schneirson, .
245
_a
Konstantin Stanislavisky 1863-1963
260
_a
Moscow :
_b
Progress Publishers ,
_c
1963.
300
_a
295 ; .
504
_a
942
_c
BK
999
_c
4345
_d
4345